[Event "Morbihan-ch 0910"]
[Site "Morbihan"]
[Date "2010.03.06"]
[Round "5.17"]
[White "Girod, Bernard"]
[Black "Boubli, Jordan"]
[Result "1-0"]
[WhiteElo "1590"]
[BlackElo "1420"]
[PlyCount "65"]
[EventDate "2009.10.10"]
[EventType "swiss"]
[EventRounds "7"]
[EventCountry "FRA"]
[SourceTitle "EXT 2014"]
[Source "ChessBase"]
[SourceDate "2013.11.20"]
[SourceVersion "1"]
[SourceVersionDate "2013.11.20"]
[SourceQuality "1"]

1. e4 e6 2. d4 d5 3. exd5 exd5 4. Nf3 Nf6 5. Be2 Nc6 6. c3 Be7 7. 0-0 Bf5 8. Bf4 0-0 9. Nbd2 Bd6 10. Bxd6 Qxd6 11. Bb5 Ne7 12. Ba4 Ng6 13. Bc2 Bg4 14. h3 Bxf3 15. Nxf3 c6 16. Re1 Rae8 17. Qd2 h6 18. Rxe8 Rxe8 19. Re1 Ne4 20. Bxe4 Rxe4 21. Rxe4 dxe4 22. Ne1 c5 23. d5 f5 24. c4 Ne5 25. b3 b6 26. Qf4 g6 27. Qxh6 Nd3 28. Nxd3 exd3 29. Qe3 d2 30. Qxd2 Qe5 31. g3 Kf7 32. Kg2 Ke7 33. Qe3 1-0